Acto académico in memoriam del Ilmo. Sr. D. Rafael Álvarez Colunga (Record no. 181020)
[ view plain ]
| 000 -LEADER | |
|---|---|
| campo de control de longitud fija | 00980nam a2200241 i 4500 |
| 001 - NÚMERO DE CONTROL | |
| campo de control | 181020 |
| 003 - IDENTIFICADOR DE NÚMERO DE CONTROL | |
| campo de control | ES-MaACL |
| 005 - FECHA Y HORA DE LA ÚLTIMA TRANSACCIÓN | |
| campo de control | 20231004114952.0 |
| 008 - DATOS DE LONGITUD FIJA--INFORMACIÓN GENERAL | |
| campo de control de longitud fija | 121002s2010 sp |||| |dspa d |
| 020 ## - NÚMERO INTERNACIONAL ESTÁNDAR DEL LIBRO | |
| Número Internacional Estándar del Libro | 978-84-96210-91-2 |
| 080 ## - NÚMERO DE LA CLASIFICACIÓN DECIMAL UNIVERSAL | |
| Número de la Clasificación Decimal Universal | 929 Álvarez Colunga, Rafael (082.2) |
| 245 00 - MENCIÓN DEL TÍTULO | |
| Título | Acto académico in memoriam del Ilmo. Sr. D. Rafael Álvarez Colunga |
| Resto del título | : Sevilla, 18 de diciembre de 2009. |
| 260 ## - PUBLICACIÓN, DISTRIBUCIÓN, ETC. | |
| Lugar de publicación, distribución, etc. | [Sevilla] : |
| Nombre del editor, distribuidor, etc. | Academia de Ciencias Sociales y del Medio Ambiente de Andalucía, |
| Fecha de publicación, distribución, etc. | [2010] |
| 300 ## - DESCRIPCIÓN FÍSICA | |
| Extensión | 94 p. ; |
| Dimensiones | 24 cm + |
| Material acompañante/anejo | 1 DVD. |
| 600 17 - PUNTO DE ACCESO ADICIONAL DE MATERIA--NOMBRE DE PERSONA | |
| Nombre de persona | Álvarez Colunga, Rafael- |
| Subdivisión de forma | Homenajes. |
| 9 (RLIN) | 151526 |
| 710 2# - ENTRADA AGREGADA--NOMBRE DE ENTIDAD CORPORATIVA | |
| Nombre de entidad corporativa o nombre de jurisdicción como elemento de entrada | Academia de Ciencias Sociales y del Medio Ambiente de Andalucía. |
| 9 (RLIN) | 151527 |
| 852 ## - LOCALIZACIÓN | |
| Ubicación | ES-MaACL |
| Número de control de estantería | A-12237 |
| itemnumber | 187901 |
| Sublocalización o colección | R.147074 |
| Ubicación en estantería | Depósito 1 |
| Signatura antigua | Olim: N-5242 |
| Encuadernación | Donación: R.A.E |
| 852 1# - LOCALIZACIÓN | |
| Ubicación | BA |
| Número de control de estantería | ROT 2/7/9 (DVD) |
| 914 ## - NOMBRE ENTIDAD DE DONANTE | |
| RLIN | 6336 |
| Nombre de congreso/reunión o jurisdicción como elemento de entrada | Real Academia Española |
| Unidad subordinada | Donante |
| 942 ## - ELEMENTOS DE ENTRADA SECUNDARIOS (KOHA) | |
| Fuente del sistema de clasificación o colocación | Clasificación decimal universal |
| Tipo de ítem Koha | Libro impreso |
| Estatus retirado | Estado de pérdida | Fuente del sistema de clasificación o colocación | Estado de daño | No para préstamo | Biblioteca de origen | Biblioteca actual | Ubicación en estantería | Fecha de adquisición | Total de préstamos | Signatura topográfica completa | Código de barras | Visto por última vez | Precio de reemplazo | Tipo de ítem Koha | Fuente de adquisición |
|---|---|---|---|---|---|---|---|---|---|---|---|---|---|---|---|
| Clasificación decimal universal | Biblioteca del Ateneo de Madrid | Biblioteca del Ateneo de Madrid | Depósito | 02/10/2012 | ROT 2/7/9 | 1190229 | 23/02/2023 | 23/02/2023 | DVD | ||||||
| Clasificación decimal universal | Biblioteca del Ateneo de Madrid | Biblioteca del Ateneo de Madrid | Depósito 1 | 02/10/2012 | A-12237 | 1190228 | 23/02/2023 | 23/02/2023 | Libro impreso | Donación |
